000
00337nam a22001457a 4500
003
OSt
008
250502b |||||||| |||| 00| 0 eng d
100
_a
SHASHTRI,Acharya Chandershekhar
245
_a
BAHJANANJALI
250
_a
24th
260
_a
New Delhi
_b
Arya Prakshan
_c
2024
300
_a
120
650
_a
General
942
_2
ddc
_c
BK
999
_c
13500
_d
13500